01979cam a22003858i 450000100090000000300050000900500170001400800410003101000170007202000180008902000060010703500130011304000290012604200080015505000230016308200340018610000360022024500770025626300090033326400530034230000490039533600260044433700280047033800270049849000420052550400510056750502720061852003530089065000380124365000350128165000390131665000490135565000460140477601430145022356190CSPC20250716093643.0211220s2022 mdu b 001 0 eng  a 2021061711 a9781538157671 z  a22356190 aDLCbengerdacDLCdCSPC apcc00aZ718.85b.M76 202200a025.5bM879o223/eng/202201061 aMroczek, Emily,d1990-eauthor.10aOnline instruction :ba practical guide for librarians /cEmily Mroczek. a2205 1aLanham, Maryland :bRowman & Littlefield,c2022. axix, 137 pages : billustrations ; c28 cm.  atextbtxt2rdacontent aunmediatedbn2rdamedia avolumebnc2rdacarrier0 aPractical guides for librarians ;v78 aIncludes bibliographical references and index.0 aOnline instruction: background and getting started -- Pedagogical matters -- Policies and procedures -- General programming -- Building community -- Choosing a platform -- Zoom -- Recommended resources -- Copyright -- Digital accessibility -- Putting it all together. a"The vast array of options for online teaching can seem intimidating and endless. Take a look at the pros and cons of different options available for teaching online, tips and tricks for engaging various audiences and strategies for hybrid learning. Learn how the biggest rookie can become an online teaching professional"--cProvided by publisher. 0aLibraries and distance education. 0aWeb-based instructionxDesign. 0aWeb-based instructionxEvaluation. 0aInformation literacyxWeb-based instruction. 0aLibrary educationxWeb-based instruction.08iOnline version:aMroczek, Emily, 1990-tOnline instructiondLanham, Maryland : Rowman & Littlefield, 2022z9781538157688w(DLC) 2021061712